000 00679nam a22002297a 4500
003 UA-OsUOA
001 35894
007 ta
008 20060629b un ||||| |||| 00| 0 ukr d
090 _a050
942 _cCR
040 _aUA-OsUOA
_beng
_cUA-OsUOA
_dUA-OsUOA
245 _aAnnual Report
_bжовтень 2002-вересень 2003
300 _a74 с.
955 _a1
041 _aeng
080 _a050
260 _aВашингтон
_c2003
310 _a2003
650 7 _a050 Серійні публікації. Періодика галузі, Організація та інші типи поєднання (співробітництва)
_2UDC
999 _c424158
_d424158